000 00387nam a2200157Ia 4500
008 230524s9999 xx 000 0 und d
082 _a515
_bJAI
100 _aM.K.Jain
245 0 _aNumrical Solutions of Differential equations
250 _a2ND
260 _aNEW DELHI
_bNew Age
_c2002
300 _aXIX;695
500 _aQuantity Number: 2
650 _aMathematics
942 _cBK
999 _c30854
_d30854